Odpowiedź zaczyna się na literę T - Statystyki

Ogólne statystyki
  • Ten quiz został rozwiązany 42 razy
  • Średni wynik to 10 z 15
Statystyki odpowiedzi
Pytanie Odpowiedź % Poprawnych
Jakie miasto jest stolicą Japonii? Tokio
97%
Jaki statek zatonął w 1912 roku podczas podróży z Southamptonu do Nowego Jorku? Titanic
95%
Jaki pierwiastek chemiczny jest nam niezbędny do życia? Tlen
95%
Stolicą jakiego państwa jest Bangkok? Tajlandia
92%
Jak się nazywa seria wierszy stworzonych przez Jana Kochanowskiego poświęconych jego zmarłej córce? Treny
92%
Jakie zwierzę z rodziny kotowatych jest charakterystyczne ze swoich czarnych pasów? Tygrys
89%
Stambuł jest największym miastem w jakim państwie? Turcja
86%
Jaką nazwę nosi placek z kuchni meksykańskiej w który są owijane różne składniki tworząc różne dania np. kebab czy taco? Tortilla
81%
Jaką nazwę nosi gra logiczna powstała w ZSRR której celem jest ułożenie spadających bloków w taki sposób aby utworzyły pełną linię bez luk? Tetris
70%
Jak się nazywa roślina z rodziny jasnowatych, która jest używana jako przyprawa i roślina lecznicza? Tymianek
68%
Jaki jest tytuł filmu opowiadającym o tytułowym Trumanie Burbanku który twierdzi, że jest obserwowany, a świat w którym się znajduje jest tak naprawdę spektaklem telewizyjnym? Truman Show
49%
Jaką nazwę nosi roślina rosnąca nad wodą i będąca przysmakiem pand? Trzcina
35%
Jakie państwo istniałe w latach 1912-1951 obecnie jest częścią Chin? Tybet
32%
Jaki dokument zakończył I wojnę światową? Traktat Wersalski
30%
Jaki pierwiastek chemiczny ma skrót Ta Tantal
22%
Nie znaleziono quizów pasujących do podanych kryteriów
Rozkład punktacji
Procent ludzi z każdym wynikiem
Percentyl według liczby udzielonych odpowiedzi
Twoja historia wyników
Nie rozwiązałeś tego quizu